Online
Catalog

La América hispanohablante : (Record no. 11457)

MARC details
000 -CABECERA
campo de control de longitud fija 01006cam a2200265 a 4500
001 - NÚMERO DE CONTROL
campo de control 000011783
005 - FECHA Y HORA DE LA ÚLTIMA TRANSACCIÓN
campo de control 20200929162549.0
008 - DATOS DE LONGITUD FIJA--INFORMACIÓN GENERAL
campo de control de longitud fija 810220s1974 sp a 000 0 spa
020 ## - NÚMERO INTERNACIONAL ESTÁNDAR DEL LIBRO
Número Internacional Estándar del Libro 8470900013
040 ## - FUENTE DE LA CATALOGACIÓN
Centro catalogador/agencia de origen DO-SdBNP
Lengua de catalogación spa
Centro/agencia modificador BNPHU
082 ## - NÚMERO DE LA CLASIFICACIÓN DECIMAL DEWEY
Número de clasificación xxx
Número de documento/Ítem xxx
049 ## - FONDOS LOCALES (OCLC)
Fondos de biblioteca BNGR
100 1# - ENTRADA PRINCIPAL--NOMBRE DE PERSONA
Nombre de persona Malmberg, Bertil,
Fechas asociadas al nombre 1913-
9 (RLIN) 27872
240 13 - TÍTULO UNIFORME
Título uniforme Det spanska Amerika i sprakets spegel.
Lenguaje de la obra Español.
245 13 - MENCIÓN DE TÍTULO
Título La América hispanohablante :
Resto del título Unidad y diferenciación del castellano /
Mención de responsabilidad, etc. Malmberg Bertil ; traducción, Javier López Facal, Kristina Lindström.
250 ## - MENCIÓN DE EDICIÓN
Mención de edición 3a ed.
260 ## - PUBLICACIÓN, DISTRIBUCIÓN, ETC.
Lugar de publicación, distribución, etc. Madrid :
Nombre del editor, distribuidor, etc. Ediciones Istmo,
Fecha de publicación, distribución, etc. 1974.
300 ## - DESCRIPCIÓN FÍSICA
Extensión 317 p. :
Otras características físicas il., mapa ;
Dimensiones 20 cm.
490 1# - MENCIÓN DE SERIE
Mención de serie El libro de bolsillo Istmo
Designación de volumen o secuencia 3
500 ## - NOTA GENERAL
Nota general Incluye referencias bibliográficas y notas al pie de las páginas
650 #4 - PUNTO DE ACCESO ADICIONAL DE MATERIA--TÉRMINO DE MATERIA
Término de materia o nombre geográfico como elemento de entrada Español en américa
9 (RLIN) 2217
700 12 - PUNTO DE ACCESO ADICIONAL--NOMBRE DE PERSONA
Nombre de persona López Facal, Javier,
Término indicativo de función/relación tr.
9 (RLIN) 27873
700 12 - PUNTO DE ACCESO ADICIONAL--NOMBRE DE PERSONA
Nombre de persona Lindström, Kristina,
Término indicativo de función/relación tr.
9 (RLIN) 27874
830 #0 - PUNTO DE ACCESO ADICIONAL DE SERIE-TÍTULO UNIFORME
Título uniforme El libro de bolsillo Istmo ;
Número de parte o sección de la obra 3
Nombre de parte o sección de la obra Fundamentos.
9 (RLIN) 27875
Holdings
Estado de retiro Estado de pérdida Restricciones de uso No para préstamo Código de colección Localización permanente Ubicación/localización actual Ubicación en estantería Fecha de adquisición Número de inventario Total de préstamos Signatura topográfica completa Código de barras Fecha visto por última vez Precio válido a partir de Tipo de ítem Koha Número de copia
      Excluido de préstamo Monografías: Libros y Folletos General General Depósito 27.10.2009 LF1   xxx xxx 11783-10 25.06.2020 25.06.2020 No se presta  
      Excluido de préstamo Monografías: Libros y Folletos General General Depósito 27.10.2009 LF1   xxx xxx 11783-20 25.06.2020 25.06.2020 No se presta e. 2
        Monografías: Libros y Folletos General General Depósito 27.10.2009 LF1   xxx xxx 11783-30 25.06.2020 25.06.2020 Préstamo en sala e. 3
  Extraviado     Monografías: Libros y Folletos General General Extraviado 20.04.2017 LF1   xxx xxx 11783-40 25.06.2020 25.06.2020 Préstamo en sala e. 4

Powered by Koha